000 00201 a2200097 4500
001 8138
100 _aDixon, C A
245 _aCommunist Guerilla Warfare
260 _a
_bAllen
_c
090 _c6538
_d6538
942 _aNUST-CAE
_cM
_c33087
999 _c243211
_d243211